| 000 | 00712nam a2200217Ia 4500 | ||
|---|---|---|---|
| 003 | IN-BaIIA | ||
| 008 | 211028s9999 xx s 000 0 eng d | ||
| 020 | _a978-1-4614-2151-1 (Print) | ||
| 020 | _a978-1-4614-2152-8 (Online) | ||
| 040 | _cIIA Library | ||
| 100 |
_aJi, Sungchul _939143 |
||
| 245 | 0 |
_aMolecular Theory of the Living Cell _h[eBook] |
|
| 260 |
_aNew York _bSpringer New York _c2012 |
||
| 300 | _aOnline resource | ||
| 650 |
_a Biological and Medical Physics, Biophysics _938290 |
||
| 650 |
_a Bioorganic Chemistry _939144 |
||
| 650 |
_a Philosophy of Biology _939145 |
||
| 650 |
_aPhysics _973 |
||
| 856 |
_uhttp://doi.org/10.1007/978-1-4614-2152-8 _yClick Here to Access eBook |
||
| 942 | _cEB | ||
| 999 |
_c21121 _d21121 |
||